01210nab a22002297a 4500003000400000005001700004008004100021040000700062100002400069245019100093260007300284300001300357500003800370505022900408505008200637650001800719650001800737650002800755650001600783700003200799773014900831OSt20251218080119.0190429b xxu||||| |||| 00| 0 spa d cPJ aBaroni, Evangelina 13aPrimer juicio oral por maltrato animal en la Ciudad Autónoma de Buenos Aires :bhacia el reconocimiento de la dignidad de los demás animales /cEvangelina Baroni, Matías N. Yohai. cCiudad Autónoma de Buenos Aires :aThomson Reuters La Ley, b2025. ap. 20-29 aCita: TR LALEY AR/DOC/1883/2024  aSumario: I. Introducción.— II. Los hechos del caso.— III. La decisión.— IV. Análisis de los argumentos.— V. El estatus legal de los animales en nuestro ordenamiento.— VI. La cuestión penal.— VII. Corolar. tSi te interesa el texto completo, solicitalo a koha@justierradelfuego.gov.ar  0aDERECHO PENAL 0aPROCESO PENAL 0aMALOS TRATOS A ANIMALES 0aJUICIO ORAL aYohai, Matías N.ecoautor0 02658tRevista de derecho penal y criminología. Nº 3 - Abril 2025dCiudad Autónoma de Buenos Aires : Thomson Reuters La Ley, 2017-x00347914